000 00252nam a22000977a 4500
999 _c516909
_d516909
082 _aTNC
100 _aSomany, Ganga
_923743
245 _aHinduism :
_bAn illustrative introduction
_cby Ganga Somany
260 _aNew Delhi
_bS.S.M.P.
_c2018
300 _av.p.